[Event "Prague Golden rap op 13th"]
[Site "Prague"]
[Date "2017.07.01"]
[Round "7"]
[White "Hosticka, Frantisek"]
[Black "Groh, Jiri"]
[Result "0-1"]
[WhiteElo "2138"]
[BlackElo "2047"]
[PlyCount "100"]
[EventDate "2017.07.01"]
[EventType "swiss (rapid)"]
[EventRounds "7"]
[EventCountry "CZE"]
[SourceTitle "EXT 2018"]
[Source "ChessBase"]
[SourceDate "2017.10.13"]
[SourceVersion "1"]
[SourceVersionDate "2017.10.13"]
[SourceQuality "1"]

1. e4 c5 2. Nf3 Nc6 3. Bb5 g6 4. 0-0 Bg7 5. Re1 Nf6 6. e5 Nd5 7. Nc3 Nc7 8. Bxc6 bxc6 9. d3 0-0 10. Ne4 Ne6 11. h3 d5 12. exd6 exd6 13. Neg5 h6 14. Ne4 Rb8 15. c3 Rb7 16. Re2 d5 17. Ng3 Qd6 18. Qa4 Rb6 19. Qh4 g5 20. Nf5 gxh4 21. Nxd6 Ba6 22. Rd2 Nf4 23. c4 Ng6 24. Rd1 Bxb2 25. Bxb2 Rxb2 26. cxd5 cxd5 27. Nf5 Kh7 28. N3xh4 Re8 29. Nxg6 fxg6 30. Ng3 h5 31. Rac1 h4 32. Nh1 c4 33. dxc4 Bxc4 34. Re1 Rxe1+ 35. Rxe1 Rxa2 36. f3 a5 37. Nf2 Re2 38. Ra1 Ra2 39. Re1 a4 40. Ng4 Re2 41. Ra1 Ba2 42. Rc1 Bc4 43. Rb1 Re7 44. Rb8 Kg7 45. Ra8 Bb3 46. Kf2 d4 47. f4 d3 48. Ne3 d2 49. Rd8 Rxe3 50. Rxd2 Re7 0-1

[Event "CZE-chT2C 1617"]
[Site "Czech Republic"]
[Date "2017.02.12"]
[Round "8.2"]
[White "Groh, Jiri"]
[Black "Jurasek, Miroslav"]
[Result "1/2-1/2"]
[WhiteElo "2127"]
[BlackElo "2268"]
[PlyCount "86"]
[EventDate "2016.10.09"]
[EventType "team-tourn"]
[EventRounds "11"]
[EventCountry "CZE"]
[SourceTitle "EXT 2022"]
[Source "ChessBase"]
[SourceDate "2021.10.06"]
[SourceVersion "1"]
[SourceVersionDate "2021.10.06"]
[SourceQuality "1"]
[WhiteTeam "Vysehrad III"]
[BlackTeam "Lysa nad Labem IV"]
[WhiteTeamCountry "CZE"]
[BlackTeamCountry "CZE"]

1. c4 c5 2. Nf3 g6 3. g3 Bg7 4. Bg2 Nc6 5. 0-0 d6 6. e3 e5 7. Nc3 Nge7 8. a3 a5 9. Nb5 Be6 10. d3 h6 11. Bd2 0-0 12. Bc3 d5 13. b3 Qd7 14. Qc2 g5 15. cxd5 Nxd5 16. Bb2 Rac8 17. Nd2 Nd4 18. exd4 cxd4 19. Nc4 Qxb5 20. a4 Qa6 21. Qd2 Ra8 22. Qe2 f6 23. Ba3 Rfd8 24. Rae1 Bf7 25. Qd2 Bf8 26. Bxf8 Kxf8 27. h4 Ne7 28. hxg5 hxg5 29. f4 gxf4 30. gxf4 exf4 31. Qxf4 Ng8 32. Re5 Rac8 33. Bh3 Rc7 34. Rxa5 Qc6 35. Bg2 Qd7 36. Rb5 Qe7 37. Be4 Rdd7 38. Rb6 Qd8 39. Nd6 Rc5 40. Rb5 Rxb5 41. Nxb5 Bxb3 42. Bf5 Rg7+ 43. Kf2 Bd5 1/2-1/2

[Event "CZE-chT2C 1617"]
[Site "Czech Republic"]
[Date "2016.11.27"]
[Round "4.4"]
[White "Groh, Jiri"]
[Black "Filipi, Stepan"]
[Result "1-0"]
[WhiteElo "2127"]
[BlackElo "2183"]
[PlyCount "117"]
[EventDate "2016.10.09"]
[EventType "team-tourn"]
[EventRounds "11"]
[EventCountry "CZE"]
[SourceTitle "EXT 2022"]
[Source "ChessBase"]
[SourceDate "2021.10.06"]
[SourceVersion "1"]
[SourceVersionDate "2021.10.06"]
[SourceQuality "1"]
[WhiteTeam "Vysehrad III"]
[BlackTeam "Vysehrad II"]
[WhiteTeamCountry "CZE"]
[BlackTeamCountry "CZE"]

1. c4 Nf6 2. Nf3 g6 3. g3 Bg7 4. Bg2 d6 5. 0-0 0-0 6. d4 c6 7. Nc3 Qa5 8. Qd2 Qh5 9. Nh4 e5 10. dxe5 dxe5 11. h3 e4 12. Qg5 Qxg5 13. Bxg5 Re8 14. Bxf6 Bxf6 15. Nxe4 Be5 16. Nf3 Bxb2 17. Nd6 Rxe2 18. Nxc8 Bxa1 19. Rxa1 Na6 20. Nd6 Nc5 21. Ng5 f5 22. Nxb7 Nxb7 23. Bxc6 Rb8 24. Rb1 h6 25. Bd5+ Kg7 26. Ne6+ Kf6 27. Nd4 Rxa2 28. Nc6 Rf8 29. Rxb7 a5 30. Nb8 Re8 31. Nd7+ Ke7 32. c5 Rc2 33. Ne5+ Kf6 34. f4 Re7 35. c6 a4 36. Nd7+ Kg7 37. Ne5 Kf6 38. Rb8 Rc7 39. Ra8 Rc3 40. Kf2 a3 41. Ra4 g5 42. Nd7+ Ke7 43. fxg5 hxg5 44. h4 gxh4 45. gxh4 R7xc6 46. Bxc6 Rxc6 47. Ne5 Rc2+ 48. Kf3 a2 49. Ra6 Rh2 50. Kg3 Rc2 51. Kf4 Kd8 52. Kxf5 Kc7 53. h5 Rh2 54. Kg5 Kb7 55. Ra3 Kb6 56. Ng4 Rc2 57. h6 Kb5 58. h7 Kb4 59. Rxa2 1-0